Losowe loga samochodów - Statystyki

Ogólne statystyki
  • Ten quiz został rozwiązany 115 razy
  • Średni wynik to 10 z 12
Statystyki odpowiedzi
Obrazkowy Odpowiedź % Poprawnych
Audi
97%
Skoda
92%
Seat
91%
BMW
90%
Citroen
90%
Toyota
90%
Kia
89%
Fiat
88%
Ford
88%
Tesla
88%
Lamborghini
86%
Lexus
86%
Mazda
86%
Bentley
85%
Porsche
85%
Renault
85%
Chevrolet
82%
Dodge
81%
Hyundai
80%
Ferrari
79%
Volkswagen
79%
Aston Martin
71%
Maserati
71%
Peugeot
69%
Dacia
66%
Cupra
61%
Cadillac
56%
Koenigsegg
40%
Nie znaleziono quizów pasujących do podanych kryteriów
Rozkład punktacji
Procent ludzi z każdym wynikiem
Percentyl według liczby udzielonych odpowiedzi
Twoja historia wyników
Nie rozwiązałeś tego quizu